00373 a2200109 4500001000900000005001700009008004100026245009600067100002100163700002400184773005500208ART_779820260410161638.0260409a 10aVicisitudes tributarias de las empresas unipersonales y sociedades de hecho (Segunda parte)1 aLorenzo, Armando1 aCavalli, César M.0 tConsultor tributariog- Nº 11 (ene. 2008)wREV474